| 000 | 00739nam a2200217 a 4500 | ||
|---|---|---|---|
| 003 | DO-SdBNP | ||
| 005 | 20211214112953.0 | ||
| 007 | ta | ||
| 008 | 211214e2018 dr ac||gr|||| 001 0 spa d | ||
| 040 |
_aDO-SdBNP _bspa _cBNPHU |
||
| 082 | 4 |
_222 _bS718tr |
|
| 100 | 1 |
_aSoto, Fidel _980860 |
|
| 245 | 1 | 0 |
_aTransmutación de una gesta: _bjunio 1959 - noviembre 1963 / _cFidel Soto; Prólogo, Julio Cuevas |
| 260 |
_aSanto Domingo : _bBúho, _c2018 |
||
| 300 |
_a62 p. : _bil, retr. _c21 cm. |
||
| 500 | _aEn conmemoración del 55 aniversario de la Insurrección del 28 de noviembre del 1963 Museo de la Dignidad. | ||
| 590 | _aInventariado MF / 2021 | ||
| 700 | 1 |
_99459 _aCuevas, Julio, _c1955- _eprólogo |
|
| 910 | _aMFeliz | ||
| 942 |
_2ddc _cLBS1 |
||
| 999 |
_c51123 _d51123 |
||